Matkám prácu!
Problematika zamestnanosti matiek po rodičovskej dovolenke. Chýbajúce štátne jasle. Rozdiel v platoch medzi ženami a mužmi na Slovensku. Nedostatok miest v materských školách. Snaha vlády presunúť iniciatívu na firmy. Čo by matkám pomohlo, resp. reálne riešenia. Finančná podpora od štátu pre čiastoč...
Guardado en:
| Autor principal: | |
|---|---|
| Otros Autores: | |
| Formato: | Capítulo de libro |
| Lenguaje: | eslovaco |
| Materias: | |
| Etiquetas: |
Sin Etiquetas, Sea el primero en etiquetar este registro!
|
MARC
| LEADER | 00000naa a2200000 4500 | ||
|---|---|---|---|
| 001 | 0209843 | ||
| 005 | 20231113104238.0 | ||
| 041 | 0 | |a slo | |
| 044 | |a SK | ||
| 245 | 1 | 0 | |a Matkám prácu! |c Xénia Makarová, Lukáš Kvašňák |
| 520 | |a Problematika zamestnanosti matiek po rodičovskej dovolenke. Chýbajúce štátne jasle. Rozdiel v platoch medzi ženami a mužmi na Slovensku. Nedostatok miest v materských školách. Snaha vlády presunúť iniciatívu na firmy. Čo by matkám pomohlo, resp. reálne riešenia. Finančná podpora od štátu pre čiastočné pracovné úväzky. Previazanosť medzi ekonomickou úspešnosťou podnikov a podielom žien v ich vedení. Zastúpenie žien na trhu práce vo vybraných krajinách. | ||
| 610 | 2 | 0 | |a trh práce |
| 610 | 2 | 0 | |a práca |
| 610 | 2 | 0 | |a zamestnanosť |
| 610 | 2 | 0 | |a ženy |
| 610 | 2 | 0 | |a dovolenka materská |
| 610 | 2 | 0 | |a starostlivosť o deti |
| 610 | 2 | 0 | |a manažéri |
| 100 | 1 | |a Makarová, Xénia | |
| 700 | 1 | |a Kvašňák, Lukáš | |